[Event "Master Open"]
[Site "Voronezh"]
[Date "2017.06.15"]
[Round "4.52"]
[White "Schepetkova, Margarita"]
[Black "Rakshitta, Ravi"]
[Result "1-0"]
[WhiteElo "2252"]
[BlackElo "1910"]
[Annotator ""]
[Source ""]
[Remark ""]

1.d4 Nf6 2.c4 Nc6 3.Nc3 e5 4.d5 Ne7 5.h4 h5 6.e3 d6 7.Nf3 Bg4
8.Qa4+ Nd7 9.Ng5 c6 10.f3 Nc5 11.Qc2 Bd7 12.b4 Na6 13.a3 Nf5
14.Qf2 Be7 15.dxc6 bxc6 16.c5 Bxg5 17.hxg5 Nc7 18.g4 dxc5 19.gxf5
cxb4 20.axb4 Qxg5 21.e4 Qe7 22.Bd2 g6 23.fxg6 fxg6 24.Qg3 Qf6
25.Ra5 O-O-O 26.Bg5 Qd6 27.Bxd8 Rxd8 28.Qxe5 Qxb4 29.Rxa7 Qb6
30.Qa5 Qe3+ 31.Be2 Qf4 32.Ba6+ 1-0

[Event "Master Open"]
[Site "Voronezh"]
[Date "2017.06.15"]
[Round "4.53"]
[White "Avalyan, Artur"]
[Black "Sarvesh, Kumar A"]
[Result "1-0"]
[WhiteElo "2249"]
[BlackElo "1905"]
[Annotator ""]
[Source ""]
[Remark ""]

1.d4 Nf6 2.c4 e6 3.Nf3 b6 4.g3 Bb7 5.Bg2 Bb4+ 6.Bd2 c5 7.d5 Bxd2+
8.Nfxd2 b5 9.Nc3 exd5 10.cxd5 a6 11.O-O d6 12.e4 O-O 13.Re1 Nbd7
14.f4 Re8 15.Kh1 c4 16.b4 cxb3 17.Nxb3 Rc8 18.Qd2 Qb6 19.h3 Rc4
20.Rac1 Nc5 21.Nxc5 Qxc5 22.e5 dxe5 23.fxe5 Nd7 24.Ne4 Qa7 25.Nd6
Rxc1 26.Qxc1 Rb8 27.e6 fxe6 28.Nxb7 Rxb7 29.dxe6 Rc7 30.exd7 1-0

[Event "Master Open"]
[Site "Voronezh"]
[Date "2017.06.15"]
[Round "4.54"]
[White "Kharmunova, Nadezhda"]
[Black "Iliushkin, Evgeny"]
[Result "1-0"]
[WhiteElo "2137"]
[BlackElo "2241"]
[Annotator ""]
[Source ""]
[Remark ""]

1.e4 c5 2.Nf3 e6 3.d4 cxd4 4.Nxd4 a6 5.Nc3 d6 6.g4 Be7 7.Bg2
Nc6 8.Be3 Bd7 9.h3 h6 10.O-O Nf6 11.f4 e5 12.Nxc6 Bxc6 13.g5
hxg5 14.fxg5 Nh5 15.Nd5 Bxg5 16.Bb6 Qxb6+ 17.Nxb6 Be3+ 18.Kh2
Bxb6 19.Qxd6 f6 20.Qe6+ Kf8 21.Qxe5 Re8 22.Qd6+ Re7 23.Qb4 Bc7+
24.Kg1 a5 25.Qb3 Rh6 26.Rf5 Nf4 27.Rxf4 Bxf4 28.Rd1 Bc7 29.Kf2
Rh4 30.c4 Bxe4 31.Bxe4 Rhxe4 32.Rd2 Bf4 33.Rd8+ Kf7 34.Qf3 g6
35.Rd7 Be3+ 36.Kg2 Rxd7 37.Qxe4 Bc5 38.a3 b6 39.Qe1 a4 40.Qe2
Re7 41.Qc2 f5 42.Kf1 Ra7 43.Qd1 Kf6 44.Qd8+ Re7 45.Qa8 Re3 46.Qxa4
Rf3+ 47.Ke1 Re3+ 48.Kd1 f4 49.b4 Bd4 50.Qa8 Be5 51.Qd8+ Kf5 52.Qxb6
Rxa3 53.c5 f3 54.c6 Ke4 55.Qb7 Rd3+ 56.Kc2 Rc3+ 57.Kb1 Ke3 58.Qe7
Kd4 59.Qh4+ Kd3 60.Qf2 Kc4 61.Qc5+ Kd3 62.Qxe5 f2 63.Qg3+ 1-0

[Event "Master Open"]
[Site "Voronezh"]
[Date "2017.06.15"]
[Round "4.55"]
[White "Krithigga, K"]
[Black "Krivtsov, Alexander"]
[Result "1/2-1/2"]
[WhiteElo "1836"]
[BlackElo "2240"]
[Annotator ""]
[Source ""]
[Remark ""]

1.c4 e5 2.g3 Nf6 3.Bg2 d5 4.cxd5 Nxd5 5.Nf3 Nc6 6.O-O Be7 7.d4
e4 8.Ne5 f5 9.Qa4 Bd7 10.Qc4 Nxe5 11.Qxd5 Ng4 12.Nc3 Qc8 13.Qc4
Be6 14.d5 Bf7 15.Qa4+ Qd7 16.Qxd7+ Kxd7 17.Bh3 h5 18.f3 Bc5+
19.Kg2 exf3+ 20.exf3 Bg6 21.Bf4 Rae8 22.Rae1 Ne3+ 23.Bxe3 Bxe3
24.Rd1 a6 25.Rd3 Kd6 26.f4 h4 27.Re1 Bc5 28.Rxe8 Rxe8 29.Kf1
Re3 30.Rxe3 Bxe3 31.Ke2 Bd4 32.gxh4 b5 33.Kd3 Bg1 34.h5 Bh7 35.Ne2
Bxh2 36.Kd4 Bg8 37.Bxf5 Bxd5 38.Bg4 Bxa2 39.b4 Bc4 40.f5 Be5+
41.Ke4 Bxe2 42.Bxe2 Bc3 43.Kd3 Bf6 44.Bf3 c6 45.Kc2 Kc7 46.Kb3
Kb6 47.Ka3 c5 48.bxc5+ Kxc5 49.Bb7 a5 50.Bc8 Bg5 51.Bd7 Kc4 52.Be6+
Kc3 53.Bd7 b4+ 54.Ka4 b3 55.Be6 b2 56.Ba2 Kc2 57.Kxa5 b1Q 58.Bxb1+
Kxb1 59.Kb5 Kc2 60.Kc4 Kd2 61.Kd5 Ke3 62.Ke6 Kf4 63.Kf7 Bh6 64.f6
gxf6 65.Kxf6 1/2-1/2

[Event "Master Open"]
[Site "Voronezh"]
[Date "2017.06.15"]
[Round "4.56"]
[White "Grishaev, Igor"]
[Black "Pogorelskikh, Sergey"]
[Result "0-1"]
[WhiteElo "1931"]
[BlackElo "2233"]
[Annotator ""]
[Source ""]
[Remark ""]

1.d4 g6 2.e4 Bg7 3.Nc3 a6 4.Nge2 b5 5.Bg5 Bb7 6.Qd3 d6 7.f4 b4
8.Nd5 Bxd5 9.exd5 Nf6 10.c4 bxc3 11.Nxc3 O-O 12.Be2 c6 13.Bf3
Nxd5 14.Nxd5 cxd5 15.O-O Nc6 16.f5 Qb6 17.Bxd5 Nb4 18.Bxf7+ Rxf7
19.Qb3 d5 20.a3 Qxd4+ 21.Kh1 Nd3 22.Rad1 Nf2+ 23.Rxf2 Qxf2 24.Qxd5
Re8 25.fxg6 hxg6 26.h4 Bf6 27.Qc6 Ref8 28.Qxa6 Bxg5 29.Qxg6+
Rg7 30.Qe6+ Kh8 0-1

[Event "Master Open"]
[Site "Voronezh"]
[Date "2017.06.15"]
[Round "4.57"]
[White "Zherebtsova, Alexandra"]
[Black "Gutkovich, Polina"]
[Result "1-0"]
[WhiteElo "2231"]
[BlackElo "1904"]
[Annotator ""]
[Source ""]
[Remark ""]

1.d4 d5 2.c4 e6 3.Nc3 c6 4.cxd5 exd5 5.Nf3 Bd6 6.Bg5 Qb6 7.Qc2
Na6 8.a3 h6 9.Na4 Qc7 10.Bh4 g5 11.Bg3 Bxg3 12.hxg3 Ne7 13.Nc3
Bf5 14.Qd2 O-O 15.e3 Rfe8 16.Be2 Nb8 17.O-O Nd7 18.b4 Qd8 19.b5
c5 20.dxc5 Nxc5 21.Nd4 Ne4 22.Nxe4 dxe4 23.Rfd1 Bg6 24.Rac1 Qb6
25.Qa2 Nf5 26.a4 Rad8 27.a5 Qf6 28.Nxf5 Rxd1+ 29.Rxd1 Qxf5 30.Bc4
Re7 31.Qd2 Qc5 32.Qd6 Rc7 33.Qxg6+ 1-0

[Event "Master Open"]
[Site "Voronezh"]
[Date "2017.06.15"]
[Round "4.58"]
[White "Smirnov, Alexander"]
[Black "Bezgodova, Svetlana"]
[Result "1-0"]
[WhiteElo "2423"]
[BlackElo "2038"]
[Annotator ""]
[Source ""]
[Remark ""]

1.d4 Nf6 2.Nf3 c6 3.Bf4 d6 4.e3 g6 5.Be2 Bg7 6.O-O O-O 7.c4 Nbd7
8.Nc3 a6 9.a4 a5 10.h3 Qb6 11.Qc2 Nb8 12.e4 Na6 13.e5 dxe5 14.Bxe5
Bf5 15.Qd2 Rfd8 16.Rfd1 Nb4 17.c5 Qa7 18.Qf4 Nbd5 19.Qh4 b6 20.Nxd5
Nxd5 21.Rac1 f6 22.Bh2 Nb4 23.g4 Be4 24.g5 Bxf3 25.Bxf3 fxg5
26.Qxg5 bxc5 27.Be5 cxd4 28.Bxg7 Kxg7 29.Qe5+ Kh6 30.Rc5 d3 31.Rc4
g5 32.Rg4 Rg8 33.h4 Raf8 34.hxg5+ Kg6 35.Qe6+ Kg7 36.Rh4 Rxf3
37.Rxh7+ Kxh7 38.Qh6# 1-0

[Event "Master Open"]
[Site "Voronezh"]
[Date "2017.06.15"]
[Round "4.59"]
[White "Sadhwani, Raunak"]
[Black "Lingur, Zalina"]
[Result "1-0"]
[WhiteElo "2328"]
[BlackElo "2125"]
[Annotator ""]
[Source ""]
[Remark ""]

1.e4 c5 2.Nf3 d6 3.d4 cxd4 4.Nxd4 Nf6 5.Nc3 a6 6.h3 e5 7.Nde2
h5 8.Bg5 Be6 9.Bxf6 Qxf6 10.Nd5 Qd8 11.Qd3 Nc6 12.O-O-O Rc8 13.a3
g6 14.Kb1 Bg7 15.h4 Na5 16.Ne3 Rc6 17.Nc3 b5 18.Ncd5 Nc4 19.Nb4
Rb6 20.Ned5 Bxd5 21.Qxd5 Qc8 22.Bxc4 bxc4 23.Qa5 Qb7 24.Qa4+
Qd7 25.Qxd7+ Kxd7 26.Rd5 Ra8 27.Ra5 f5 28.f3 fxe4 29.fxe4 Rf8
30.Rh3 Rf1+ 31.Ka2 Re1 32.Nd5 Rc6 33.Nc3 Bh6 34.Rd5 Re3 35.Rxe3
Bxe3 36.Rd1 Bf2 37.Rh1 Ke6 38.Nd5 Rc8 39.Rh2 Be1 40.Rh1 Bf2 41.b3
Rc5 42.b4 Rc8 43.Kb2 Bd4+ 44.c3 Bf2 45.a4 Rc6 46.Kc2 a5 47.b5
Rc5 48.Kd2 Rxd5+ 49.exd5+ Kxd5 50.Rf1 Bxh4 51.Rb1 Bg5+ 52.Ke2
Bd8 53.b6 Ke4 54.b7 Bc7 55.b8Q Bxb8 56.Rxb8 d5 57.Rb5 g5 58.Rxa5
h4 59.Ra8 d4 60.a5 d3+ 61.Kd2 Kf4 62.a6 e4 63.Rf8+ Kg3 64.a7
g4 65.a8Q 1-0

[Event "Master Open"]
[Site "Voronezh"]
[Date "2017.06.15"]
[Round "4.60"]
[White "Vinogradov, Anatoly"]
[Black "Protopopova, Anastasiya"]
[Result "1-0"]
[WhiteElo "2309"]
[BlackElo "2123"]
[Annotator ""]
[Source ""]
[Remark ""]

1.d4 d5 2.c4 e6 3.Nc3 c6 4.e4 dxe4 5.Nxe4 Bb4+ 6.Bd2 Qxd4 7.Bxb4
Qxe4+ 8.Be2 Na6 9.Bd6 Qh4 10.Nf3 Qd8 11.Qd4 f6 12.O-O-O Ne7 13.Qc3
Kf7 14.g4 h6 15.h4 Qb6 16.g5 hxg5 17.hxg5 Bd7 18.gxf6 gxf6 19.Ng5+ 1-0

[Event "Master Open"]
[Site "Voronezh"]
[Date "2017.06.15"]
[Round "4.61"]
[White "Cherednichenko, Dmitrij"]
[Black "Martynyuk, Elizaveta"]
[Result "0-1"]
[WhiteElo "2242"]
[BlackElo "2112"]
[Annotator ""]
[Source ""]
[Remark ""]

1.d4 d5 2.c4 c6 3.Nc3 Nf6 4.Nf3 dxc4 5.a4 Bf5 6.e3 e6 7.Bxc4
Bb4 8.O-O O-O 9.Nh4 Bg6 10.Nxg6 hxg6 11.Qe2 Nbd7 12.Rd1 Qe7 13.e4
e5 14.d5 Rad8 15.dxc6 bxc6 16.Bg5 Nb6 17.Bb3 Rd4 18.a5 Nbd7 19.Rdc1
Nc5 20.Bc2 Ne6 21.Be3 Rdd8 22.Qc4 Ng4 23.Qxc6 Nxe3 24.fxe3 Rd2
25.Bd1 Qg5 26.Ne2 Qxe3+ 27.Kh1 Nf4 28.Qc4 Qf2 0-1

[Event "Master Open"]
[Site "Voronezh"]
[Date "2017.06.15"]
[Round "4.62"]
[White "Muromtsev, Arthur"]
[Black "Zaika, Daniil"]
[Result "1-0"]
[WhiteElo "2234"]
[BlackElo "2093"]
[Annotator ""]
[Source ""]
[Remark ""]

1.e4 e6 2.d4 d5 3.exd5 exd5 4.c4 Bb4+ 5.Nc3 Nf6 6.Bd3 O-O 7.Nge2
dxc4 8.Bxc4 c6 9.O-O Nbd7 10.Bg5 Nb6 11.Bb3 Be7 12.Re1 Nbd5 13.Ng3
Be6 14.Nxd5 Nxd5 15.Bxe7 Qxe7 16.Bxd5 cxd5 17.f4 Qd7 18.Qd3 f6
19.Re3 Rfe8 20.Rae1 Bf7 21.Qf5 Qb5 22.Qc2 Qb4 23.Qf2 g6 24.h4
Kg7 25.f5 Rxe3 26.Rxe3 Re8 27.fxg6 hxg6 28.Rxe8 Bxe8 29.h5 Qe7
30.Qf4 Bf7 31.Qg4 Qe1+ 32.Kh2 Qe6 33.Qf4 Qe7 34.Qb8 a6 35.Qf4
Qd8 36.a3 Qe7 37.Qg4 Qe6 38.Qf4 Qe7 39.Qg4 Qe6 40.Qf4 Qe7 41.hxg6
Bxg6 42.Qg4 Qc7 43.Kh3 Kf7 44.Nh5 Qc6 45.Nf4 Be4 46.Qh5+ Ke7
47.Qh6 Qc8+ 48.Kh4 Qg8 49.Nh5 Qg5+ 50.Qxg5 fxg5+ 51.Kxg5 Bxg2
52.Kf5 Kd6 53.Kf6 Bh3 54.Ng3 a5 55.Nf5+ Kc6 56.Ne3 Kd6 57.b3
Bd7 58.Nf5+ Kc6 59.Ke5 Bxf5 60.Kxf5 Kb5 61.Ke5 a4 62.bxa4+ 1-0

[Event "Master Open"]
[Site "Voronezh"]
[Date "2017.06.15"]
[Round "4.63"]
[White "Michelle Catherina, P"]
[Black "Garifullina, Leya"]
[Result "1-0"]
[WhiteElo "2157"]
[BlackElo "1883"]
[Annotator ""]
[Source ""]
[Remark ""]

1.e4 c5 2.Nf3 d6 3.d4 cxd4 4.Nxd4 Nf6 5.Nc3 a6 6.h3 e5 7.Nde2
h5 8.g3 Be6 9.Bg2 Be7 10.Bg5 Nbd7 11.a4 Qc7 12.O-O Rc8 13.b3
Qc6 14.Nd5 Bxd5 15.exd5 Qc7 16.Be3 O-O 17.c4 b5 18.cxb5 axb5
19.a5 b4 20.Qd2 Nc5 21.Qxb4 Rb8 22.Qc4 Qb7 23.Bxc5 Rfc8 24.a6
Qd7 25.a7 Ra8 26.b4 e4 27.Qa6 dxc5 28.b5 Nxd5 29.Bxe4 Nc7 30.Qc6
Qxh3 31.b6 Ne8 32.b7 Nf6 33.bxc8Q+ Rxc8 34.Qxc8+ 1-0

[Event "Master Open"]
[Site "Voronezh"]
[Date "2017.06.15"]
[Round "4.64"]
[White "Tsvetkov, Andrey"]
[Black "Ustinov, Alexey"]
[Result "1/2-1/2"]
[WhiteElo "2072"]
[BlackElo "2138"]
[Annotator ""]
[Source ""]
[Remark ""]

1.Nf3 Nf6 2.d4 d5 3.c4 c6 4.g3 e6 5.Bg2 dxc4 6.Ne5 c5 7.Qa4+
Nbd7 8.Nxc4 a6 9.Bf4 Nd5 10.Bxd5 exd5 11.Nd6+ Bxd6 12.Bxd6 Qb6
13.dxc5 Qxb2 14.Qb3 Qxa1 15.Qe3+ Ne5 16.O-O f6 17.Nc3 Qb2 18.Bxe5
O-O 19.Bd6 Rd8 20.h4 Bh3 21.Rb1 Qc2 22.Rxb7 Re8 23.Qf3 d4 24.Qd5+
Kh8 25.Qxd4 Qc1+ 26.Kh2 Qf1 27.Qd5 Bc8 28.Rb2 Qxf2+ 29.Qg2 Qd4
30.Qxa8 Qxc3 31.Qc6 Qe3 32.Bf4 Qf2+ 33.Qg2 Qxc5 34.Rd2 Bg4 35.e4
h5 36.Rd5 Qc3 37.Qd2 Qxd2+ 38.Rxd2 Rxe4 39.a3 Kh7 40.Kg2 Kg6
41.Kf2 Rc4 42.Bd6 Kf5 43.Bf8 g6 44.Be7 Ke6 45.Bb4 Ke5 46.Ke3
Rc1 47.Bd6+ Ke6 48.Kf2 Rc3 49.Bb4 Rf3+ 50.Kg2 Ke5 51.Re2+ Kd4
52.Rf2 Rb3 53.Rxf6 Bf5 54.Kf2 Rb2+ 55.Kf3 1/2-1/2

[Event "Master Open"]
[Site "Voronezh"]
[Date "2017.06.15"]
[Round "4.65"]
[White "Pshmahov, Osman"]
[Black "Smirnova, Ekaterina"]
[Result "1-0"]
[WhiteElo "2012"]
[BlackElo "2216"]
[Annotator ""]
[Source ""]
[Remark ""]

1.e4 e6 2.d4 d5 3.Nc3 Nf6 4.Bg5 Be7 5.e5 Nfd7 6.h4 h6 7.Bxe7
Qxe7 8.f4 a6 9.Qd2 c5 10.Nf3 Nc6 11.dxc5 Nxc5 12.O-O-O b5 13.Nd4
Nxd4 14.Qxd4 b4 15.Ne2 Bb7 16.g4 Rc8 17.Kb1 a5 18.Ng3 Nd7 19.Bb5
Qc5 20.Ne4 Qxc2+ 21.Ka1 Ke7 22.Nd6 Rc7 23.Bxd7 Kxd7 24.Qb6 Qc6
25.Qxa5 b3 26.Qb4 bxa2 27.Nxf7 Ra8 28.f5 Qc5 29.Qf4 Qe7 30.Nd6
Bc6 31.g5 hxg5 32.fxe6+ Qxe6 33.Qxg5 Qe7 34.Qg4+ Kd8 35.Rhf1
Ra4 36.Qg3 Qxh4 37.Rf8+ 1-0

[Event "Master Open"]
[Site "Voronezh"]
[Date "2017.06.15"]
[Round "4.66"]
[White "Kavyev, Ruslan"]
[Black "Novikova, Galina"]
[Result "1-0"]
[WhiteElo "2188"]
[BlackElo "2122"]
[Annotator ""]
[Source ""]
[Remark ""]

1.d4 d5 2.c4 Nc6 3.cxd5 Qxd5 4.e3 e5 5.Nc3 Bb4 6.a3 Bxc3+ 7.bxc3
Qd6 8.a4 Nge7 9.Ba3 Qe6 10.Nf3 e4 11.Nd2 Qg6 12.Qc2 Bf5 13.g3
h5 14.h4 Nd5 15.Bg2 Nxe3 16.fxe3 Qxg3+ 17.Kf1 Qxe3 18.Nxe4 O-O-O
19.Nd6+ cxd6 20.Qxf5+ Kb8 21.Rh3 Qd2 22.Rb1 Qa2 23.Rxb7+ Ka8
24.Rb2 Qc4+ 25.Qd3 Qxa4 26.Rb4 1-0

[Event "Master Open"]
[Site "Voronezh"]
[Date "2017.06.15"]
[Round "4.67"]
[White "Pogorelskikh, Sofia"]
[Black "Sakorenko, Adriana"]
[Result "0-1"]
[WhiteElo "2050"]
[BlackElo "2140"]
[Annotator ""]
[Source ""]
[Remark ""]

1.e4 c6 2.d4 d5 3.e5 Bf5 4.Nf3 e6 5.Be2 h6 6.Be3 Nd7 7.Nbd2 Ne7
8.Nb3 a5 9.a4 Bg6 10.O-O Nf5 11.Bd2 Be7 12.Bd3 O-O 13.Qe1 b6
14.Nc1 c5 15.c3 c4 16.Bb1 b5 17.Ne2 Qb6 18.g4 Nh4 19.Nxh4 Bxb1
20.Qxb1 Bxh4 21.Qc2 bxa4 22.Rxa4 f6 23.Nf4 fxe5 24.Ng6 Bxf2+
25.Rxf2 Rxf2 26.Kxf2 exd4 27.Kg2 d3 28.Qc1 e5 29.Nh4 Nf6 30.h3
Ne4 31.Nf3 Qf2+ 0-1

[Event "Master Open"]
[Site "Voronezh"]
[Date "2017.06.15"]
[Round "4.68"]
[White "Kochukova, Anna"]
[Black "Hart, Alexander"]
[Result "1-0"]
[WhiteElo "2123"]
[BlackElo "1918"]
[Annotator ""]
[Source ""]
[Remark ""]

1.e4 c6 2.c4 d5 3.exd5 cxd5 4.cxd5 Nf6 5.Nc3 Nxd5 6.Nf3 Nc6 7.Bb5
Nxc3 8.bxc3 a6 9.Bxc6+ bxc6 10.Qa4 Qd5 11.O-O Bd7 12.Ba3 c5 13.Qa5
e5 14.Nxe5 Be6 15.Qa4+ Ke7 16.Rfe1 g5 17.c4 Qxd2 18.Rad1 Qf4
19.Nc6+ Kf6 20.Bb2+ Kg6 21.Bxh8 Bd6 22.g3 Qf3 23.Rxd6 1-0

[Event "Master Open"]
[Site "Voronezh"]
[Date "2017.06.14"]
[Round "3.1"]
[White "Grachev, Boris"]
[Black "Paravyan, David"]
[Result "1/2-1/2"]
[WhiteElo "2648"]
[BlackElo "2521"]
[Annotator ""]
[Source ""]
[Remark ""]

1.d4 Nf6 2.Nf3 g6 3.Nbd2 c5 4.dxc5 Qa5 5.a3 Qxc5 6.b4 Qc7 7.Bb2
Bg7 8.e3 O-O 9.c4 b6 10.Be2 Bb7 11.O-O d6 12.Qb3 Nbd7 13.Rfc1
Rac8 14.h3 Qb8 15.Ne1 Rc7 16.Bf3 Rfc8 17.Rc2 d5 18.Rac1 dxc4
19.Rxc4 Rxc4 20.Rxc4 Bxf3 21.Nexf3 b5 22.Rxc8+ Qxc8 23.Qd3 a6
24.Nb3 e6 25.Nc5 Nxc5 26.bxc5 Qd7 27.Qc2 Nd5 28.Bxg7 Kxg7 29.Ne5
Qc7 30.Nd3 Qa5 31.Nb4 Qxa3 32.Nxd5 Qa1+ 33.Kh2 exd5 34.c6 Qe5+
35.f4 Qc7 36.Qc5 Kf6 37.Qxd5 Ke7 38.Qc5+ Ke8 39.Qd5 Ke7 40.Qc5+
Ke8 41.Kg3 b4 42.Qc4 a5 43.Qc5 b3 44.Qb5 b2 45.Qxb2 Qxc6 46.Qb8+
Kd7 47.Qa7+ Qc7 48.Qd4+ Ke7 49.h4 h5 50.e4 Qd6 51.Qa7+ Kf8 1/2-1/2

[Event "Master Open"]
[Site "Voronezh"]
[Date "2017.06.14"]
[Round "3.3"]
[White "Maiorov, Nikita"]
[Black "Popov, Ivan"]
[Result "1/2-1/2"]
[WhiteElo "2521"]
[BlackElo "2619"]
[Annotator ""]
[Source ""]
[Remark ""]

1.d4 d5 2.c4 c6 3.Nc3 dxc4 4.e3 b5 5.a4 b4 6.Nb1 Ba6 7.Qc2 e6
8.Bxc4 Bxc4 9.Qxc4 Qd5 10.Qxd5 cxd5 11.Nd2 Nf6 12.Nb3 Nbd7 13.Ne2
Bd6 14.Bd2 a5 15.Nec1 Nb6 16.Nd3 Nc4 17.Ke2 Ke7 18.h3 Ne4 19.Rhc1
f5 20.Be1 g5 21.f3 Nf6 22.Nbc5 Ra7 23.b3 Nb6 24.Ra2 Rc8 25.Rac2
Nbd7 26.g4 h6 27.Nxd7 Rxc2+ 28.Rxc2 Kxd7 29.Ne5+ Bxe5 30.dxe5
Ng8 31.gxf5 exf5 32.h4 Ne7 33.hxg5 hxg5 34.Kd3 g4 35.fxg4 fxg4
36.e4 Ke6 37.Bg3 Rd7 38.Rf2 dxe4+ 39.Kxe4 Nd5 40.Rh2 Nc3+ 41.Kf4
Rd4+ 42.Ke3 Kd5 43.Rh8 Nd1+ 44.Ke2 Nc3+ 45.Ke3 Nd1+ 46.Ke4 Kxe5+ 1/2-1/2

[Event "Master Open"]
[Site "Voronezh"]
[Date "2017.06.14"]
[Round "3.5"]
[White "Tsydypov, Zhamsaran"]
[Black "Chigaev, Maksim"]
[Result "0-1"]
[WhiteElo "2511"]
[BlackElo "2561"]
[Annotator ""]
[Source ""]
[Remark ""]

1.e4 c5 2.Nf3 e6 3.d4 cxd4 4.Nxd4 Nc6 5.Nc3 Qc7 6.Be3 a6 7.Qd2
Be7 8.O-O-O Nf6 9.f3 b5 10.g4 Nxd4 11.Bxd4 Bb7 12.g5 b4 13.gxf6
bxc3 14.Bxc3 Bxf6 15.Ba5 Qc6 16.Bb4 d5 17.Qf4 Rc8 18.Bd3 Qa4
19.Ba3 Bc6 20.Rhg1 e5 21.Qd2 d4 22.Rxg7 Bb5 23.Qg2 Bxg7 24.Qxg7
Kd7 25.Qxe5 Kc6 26.Bc5 Rhd8 27.b4 Qxa2 28.Bxb5+ axb5 29.Bxd4
Qa3+ 30.Kd2 Qxb4+ 31.Ke3 Ra8 32.Qf6+ Qd6 33.Qxd6+ Rxd6 34.Rd3
b4 35.Rb3 Ra3 36.Bg7 0-1

[Event "Master Open"]
[Site "Voronezh"]
[Date "2017.06.14"]
[Round "3.6"]
[White "Timofeev, Artyom"]
[Black "Praggnanandhaa, R"]
[Result "1/2-1/2"]
[WhiteElo "2561"]
[BlackElo "2467"]
[Annotator ""]
[Source ""]
[Remark ""]

1.d4 Nf6 2.c4 e6 3.Nc3 Bb4 4.e3 O-O 5.Nf3 d5 6.Bd3 c5 7.O-O cxd4
8.exd4 dxc4 9.Bxc4 b6 10.Qe2 Bb7 11.Rd1 Bxc3 12.bxc3 Qc7 13.Bd3
Qxc3 14.Bb2 Qb4 15.d5 Nbd7 16.dxe6 Bxf3 17.Qxf3 Qxb2 18.exd7
Nxd7 19.Bxh7+ Kxh7 20.Qh3+ Kg8 21.Qxd7 Rfe8 22.a4 Re2 23.Rac1
g6 24.Rf1 Rae8 25.h3 R2e7 26.Qc6 Qd2 27.g3 Qd7 28.Kg2 Qxc6+ 29.Rxc6
Rd8 30.a5 bxa5 31.Ra6 Rd5 32.Ra1 Kg7 33.R1xa5 Rxa5 34.Rxa5 Rb7
35.Ra6 Rc7 36.Ra5 Rb7 37.Ra6 Rc7 38.Ra5 Rb7 39.Re5 Rc7 40.Ra5
Rb7 1/2-1/2

[Event "Master Open"]
[Site "Voronezh"]
[Date "2017.06.14"]
[Round "3.7"]
[White "Burmakin, Vladimir"]
[Black "Shaposhnikov, Evgeny"]
[Result "1/2-1/2"]
[WhiteElo "2504"]
[BlackElo "2557"]
[Annotator ""]
[Source ""]
[Remark ""]

1.d4 Nf6 2.Nf3 e6 3.c4 b6 4.g3 Bb4+ 5.Bd2 Bxd2+ 6.Qxd2 Ba6 7.b3
O-O 8.Bg2 d5 9.O-O c5 10.Ne5 Nbd7 11.Nxd7 Qxd7 12.dxc5 bxc5 13.Nc3
Rad8 14.cxd5 exd5 15.Rac1 d4 16.Na4 c4 17.Nc5 c3 18.Qc2 Qb5 19.Nxa6
Qxa6 20.Rfd1 Rd6 21.Bf3 Rc8 22.Rd3 Nd7 23.Bg4 Rd8 24.Bxd7 R6xd7
25.e3 dxe3 26.Rxe3 Rd2 27.Qxc3 Qxa2 28.Rce1 Rd1 29.Rxd1 Rxd1+
30.Kg2 Rd8 31.Qd4 Rf8 32.Qd5 Qa6 33.Re7 g6 34.b4 Qa4 35.Rb7 h5
36.h4 Qa1 37.b5 Qa5 38.Qc4 Qa3 39.Rd7 Qa1 40.Rd6 Qb1 41.Qd5 Kg7
42.Rd7 Qa1 43.Qc4 Kg8 44.Re7 Qa5 45.Rb7 Qa3 46.Rc7 Qa1 47.Qc5
Ra8 48.Qd5 Rf8 49.Rc6 Qb1 50.Ra6 Re8 51.Rxa7 Qe4+ 52.Qxe4 Rxe4
53.b6 Rb4 54.b7 Kg7 55.Kf3 Kf6 56.Ke3 Ke5 57.Kd3 Kd5 58.Kc3 Rb1
59.Kd3 Rb3+ 60.Ke2 Rb2+ 61.Kf3 Ke5 62.Kg2 f6 63.Kf3 Rb3+ 64.Ke2
Ke4 65.Kd2 Kd4 66.Kc2 Rb6 67.f3 Rc6+ 68.Kd2 Rb6 69.g4 Rb2+ 70.Kc1
Rb6 71.Kc2 Rc6+ 72.Kd2 Rb6 73.Ra4+ Kd5 74.gxh5 gxh5 75.Ra6 Rxb7
76.Rxf6 Ke5 1/2-1/2

[Event "Master Open"]
[Site "Voronezh"]
[Date "2017.06.14"]
[Round "3.8"]
[White "Pridorozhni, Aleksei"]
[Black "Zhileykin, Andrey"]
[Result "1-0"]
[WhiteElo "2540"]
[BlackElo "2225"]
[Annotator ""]
[Source ""]
[Remark ""]

1.c4 e6 2.g3 Nf6 3.Bg2 d5 4.Nf3 Be7 5.O-O O-O 6.d4 dxc4 7.Ne5
c5 8.dxc5 Qc7 9.Nxc4 Qxc5 10.b3 Rd8 11.Nbd2 Qc7 12.Bb2 Nc6 13.Rc1
Bd7 14.Ne5 Qa5 15.Nd3 Rac8 16.a3 Be8 17.b4 Qa6 18.Qb3 b5 19.e3
Qa4 20.Rc3 a5 21.Rfc1 axb4 22.axb4 Rb8 23.Bxc6 Bxc6 24.Rxc6 Qxb3
25.Nxb3 Rxd3 26.Nc5 Rd2 27.Bxf6 gxf6 28.Rc7 Bxc5 29.bxc5 Rdd8
30.c6 Rdc8 31.Rb7 Kg7 32.Rb1 1-0

[Event "Master Open"]
[Site "Voronezh"]
[Date "2017.06.14"]
[Round "3.9"]
[White "Iljiushenok, Ilia"]
[Black "Mozharov, Mikhail"]
[Result "1/2-1/2"]
[WhiteElo "2496"]
[BlackElo "2536"]
[Annotator ""]
[Source ""]
[Remark ""]

1.e4 e5 2.Nc3 Nf6 3.g3 Nc6 4.Bg2 Bc5 5.Nge2 O-O 6.O-O a5 7.Nd5
Nxd5 8.exd5 Nd4 9.Nxd4 exd4 10.d3 d6 11.Qh5 Qd7 12.Be4 Qh3 13.Bxh7+
Kh8 14.Bg6+ Kg8 15.Bh7+ Kh8 16.Bg6+ Kg8 17.Bh7+ 1/2-1/2

[Event "Master Open"]
[Site "Voronezh"]
[Date "2017.06.14"]
[Round "3.10"]
[White "Kozionov, Kirill"]
[Black "Tran, Tuan Minh"]
[Result "0-1"]
[WhiteElo "2437"]
[BlackElo "2541"]
[Annotator ""]
[Source ""]
[Remark ""]

1.d4 Nf6 2.c4 e6 3.Nc3 Bb4 4.e3 O-O 5.Bd3 d5 6.Nf3 dxc4 7.Bxc4
b6 8.O-O Bb7 9.Qe2 Nbd7 10.Bd2 a6 11.Rfd1 b5 12.Bd3 c5 13.dxc5
Bxc5 14.h3 Bxf3 15.gxf3 Ne5 16.Bc2 Nc4 17.Bc1 Qa5 18.a4 Rac8
19.Ra2 b4 20.Ne4 Nxe4 21.fxe4 Be7 22.b3 Na3 23.Bd3 Rc6 24.f4
e5 25.Qh5 Rd8 26.Rg2 Rxd3 27.Rxd3 Rxc1+ 28.Kh2 g6 29.Rd5 Qb6
30.Qxe5 Rc7 31.a5 Qc6 32.Rgd2 Bf6 33.Qd6 Bc3 34.R2d3 Nb5 35.Qd8+
Kg7 36.e5 Be1 37.Rd7 Qc2+ 38.Kh1 Qc6+ 39.Kh2 Rxd7 40.Rxd7 Bh4
41.Rxf7+ Kxf7 42.Qxh4 h5 43.Qd8 Nc7 44.Qc8 Ke7 45.Qh8 Qc2+ 46.Kh1
Qd1+ 47.Kh2 Qd2+ 48.Kh1 Qd5+ 49.Kh2 Ne8 50.Qh7+ Qf7 51.Qh6 Qf5
52.Qh7+ Kf8 53.Qa7 Qc2+ 54.Kh1 Qxb3 55.Qxa6 Qxe3 56.Qb6 Qxh3+
57.Kg1 Qg3+ 58.Kh1 Qf3+ 59.Kg1 Qg4+ 60.Kh1 Qd1+ 61.Kh2 Qd2+ 62.Kh1
h4 63.Qxg6 Qe1+ 64.Kg2 Qg3+ 0-1

[Event "Master Open"]
[Site "Voronezh"]
[Date "2017.06.14"]
[Round "3.11"]
[White "Bakunts, Rafael"]
[Black "Kokarev, Dmitry"]
[Result "1-0"]
[WhiteElo "2397"]
[BlackElo "2640"]
[Annotator ""]
[Source ""]
[Remark ""]

1.e4 c5 2.Nf3 d6 3.d4 cxd4 4.Nxd4 Nf6 5.Nc3 a6 6.Be3 e5 7.Nb3
Be6 8.f3 Nbd7 9.Qd2 h5 10.Nd5 Bxd5 11.exd5 g6 12.Be2 Bg7 13.O-O
O-O 14.Na5 Rb8 15.c4 e4 16.f4 Ng4 17.Bxg4 hxg4 18.Rab1 Nc5 19.b4
Nd3 20.b5 Ra8 21.Nxb7 Qc7 22.Na5 axb5 23.Rxb5 Rxa5 24.Qxa5 Qxc4
25.Qb6 Rc8 26.f5 gxf5 27.Rxf5 Qxa2 28.Qb7 Rf8 29.Qa7 Qe2 30.Rb8
Ne5 31.Rxf8+ Bxf8 32.Rf1 Bg7 33.Bd4 f5 34.Bxe5 Bxe5 35.Rb1 Bg7
36.Qd7 Qe3+ 37.Kh1 Qf4 38.Qe8+ Bf8 39.Qg6+ Kh8 40.Qh5+ Kg8 41.Qg6+
Kh8 42.Qf7 Bg7 43.Qh5+ Bh6 44.Qf7 Bg7 45.Rb8+ Kh7 46.Qh5+ Qh6
47.Qxf5+ Qg6 48.Qxg6+ Kxg6 49.Re8 Kf5 50.Kg1 Be5 51.Kf2 e3+ 52.Kxe3
Bxh2 53.Rf8+ Ke5 54.Rh8 Bg1+ 55.Kd3 Kxd5 56.Rg8 Ke5 57.Rxg4 d5
58.Ra4 Bc5 59.Ra1 Ke6 60.Rf1 Be7 61.g4 Bf6 62.Rf5 Bg7 63.Kc2
Be5 64.Kb3 Ba1 65.Kb4 Bd4 66.Kb5 Bc3 67.Kc5 d4 68.Kc4 Bb2 69.Kd3
Bc3 70.Ke4 Ba1 71.Rf1 Bb2 72.g5 1-0

[Event "Master Open"]
[Site "Voronezh"]
[Date "2017.06.14"]
[Round "3.13"]
[White "Shyam, Sundar M."]
[Black "Tunik, Gennady"]
[Result "1/2-1/2"]
[WhiteElo "2535"]
[BlackElo "2384"]
[Annotator ""]
[Source ""]
[Remark ""]

1.e4 c5 2.Nf3 e6 3.d4 cxd4 4.Nxd4 a6 5.Bd3 Bc5 6.Nb3 Be7 7.O-O
d6 8.Be3 Nf6 9.a4 O-O 10.N1d2 Nbd7 11.a5 d5 12.Qe2 Qc7 13.c4
dxe4 14.Nxe4 Nxe4 15.Bxe4 Ne5 16.Rac1 f5 17.Bb6 Qb8 18.Bb1 Ng6
19.g3 e5 20.Rcd1 Be6 21.Nd4 Bd7 22.Nb5 Qc8 23.Nc7 Rb8 24.c5 Kh8
25.Ba2 f4 26.c6 Bh3 27.Rfe1 fxg3 28.hxg3 Bg4 29.Qd3 Rd8 30.Nd5
bxc6 31.Bxd8 Bxd8 32.Nb6 Bxb6 33.axb6 Bxd1 34.Rxd1 Nf8 35.Qe3
Qg4 36.Rd6 Qa4 37.Qa3 Qxa3 38.bxa3 g6 39.Rxc6 Nd7 40.b7 Rxb7
41.Rxa6 Kg7 42.a4 Nf6 43.a5 Rb2 44.Bc4 Ne4 45.Rc6 Nd2 46.Rc7+
Kf6 47.Be2 Nb3 48.Bd3 Nxa5 49.Rxh7 Rb6 50.Kg2 Nb3 51.Bc4 Nd4
52.Rf7+ Kg5 53.Rd7 Nf5 54.Rd5 1/2-1/2

[Event "Master Open"]
[Site "Voronezh"]
[Date "2017.06.14"]
[Round "3.14"]
[White "Rodin, Dmitrij"]
[Black "Swapnil, S. Dhopade"]
[Result "1/2-1/2"]
[WhiteElo "2391"]
[BlackElo "2533"]
[Annotator ""]
[Source ""]
[Remark ""]

1.e4 c5 2.Nf3 d6 3.d4 cxd4 4.Nxd4 Nf6 5.Nc3 g6 6.Be3 Bg7 7.f3
O-O 8.Qd2 Nc6 9.O-O-O d5 10.exd5 Nxd5 11.Nxc6 bxc6 12.Bd4 Bxd4
13.Qxd4 Qb6 14.Nxd5 cxd5 15.h4 Qxd4 16.Rxd4 Bb7 17.f4 f6 18.Rh3
e5 19.Rb4 Rf7 20.Rhb3 Bc6 21.Rc3 Bb7 22.Rcb3 Bc6 23.Rc3 Bb7 24.Rcb3 1/2-1/2